[Event "Dzhubga Blitz op"]
[Site "Dzhubga"]
[Date "2023.08.13"]
[Round "9"]
[White "Kaminskii, Ilia"]
[Black "Potapova, Margarita"]
[Result "0-1"]
[WhiteElo "1730"]
[BlackElo "2153"]
[PlyCount "60"]
[EventDate "2023.08.13"]
[EventType "swiss (blitz)"]
[EventRounds "13"]
[EventCountry "RUS"]
[SourceTitle "CBM 215 Extra"]
[Source "ChessBase"]
[SourceDate "2023.09.30"]
[SourceVersion "1"]
[SourceVersionDate "2023.09.30"]
[SourceQuality "1"]

1. d4 Nf6 2. c4 e6 3. Nf3 d5 4. g3 dxc4 5. Bg2 Nc6 6. 0-0 Rb8 7. a4 a6 8. Bf4 Be7 9. Ne5 Nxe5 10. Bxe5 0-0 11. Qc2 b5 12. axb5 axb5 13. Ra7 Bd6 14. b3 cxb3 15. Qxb3 c5 16. Bxd6 Qxd6 17. dxc5 Qxc5 18. Ra2 Bb7 19. Rc2 Qe5 20. Nc3 Bxg2 21. Kxg2 h5 22. Qb4 Rfc8 23. Rfc1 Rc4 24. Qe7 b4 25. Qa7 bxc3 26. Rxc3 Rxc3 27. Rxc3 Qd5+ 28. f3 Rb2 29. Re3 Qd1 30. Qb8+ Rxb8 0-1

[Event "Dzhubga op"]
[Site "Dzhubga"]
[Date "2023.08.02"]
[Round "2"]
[White "Serobyan, Genrik"]
[Black "Kaminskii, Ilia"]
[Result "1-0"]
[WhiteElo "1769"]
[BlackElo "1730"]
[PlyCount "109"]
[EventDate "2023.08.01"]
[EventType "swiss"]
[EventRounds "9"]
[EventCountry "RUS"]
[SourceTitle "CBM 215 Extra"]
[Source "ChessBase"]
[SourceDate "2023.09.30"]
[SourceVersion "1"]
[SourceVersionDate "2023.09.30"]
[SourceQuality "1"]

1. e4 c5 2. Nf3 Nc6 3. Bb5 g6 4. 0-0 Bg7 5. Bxc6 bxc6 6. Nc3 e5 7. d3 Ne7 8. h3 0-0 9. Nh2 f5 10. f4 d5 11. fxe5 dxe4 12. dxe4 Ba6 13. Re1 Bxe5 14. Qxd8 Raxd8 15. Bg5 Bd4+ 16. Kh1 Rde8 17. Bh6 Bg7 18. Bxg7 Kxg7 19. Nf3 fxe4 20. Nxe4 Nf5 21. Nxc5 Bc4 22. Ne5 Bd5 23. c4 Be4 24. Ncd7 Ng3+ 25. Kh2 Rf2 26. Kxg3 Rxg2+ 27. Kf4 Bf5 28. Rad1 Bxh3 29. Rh1 g5+ 30. Kf3 g4+ 31. Nxg4 Bxg4+ 32. Kxg2 Bxd1 33. Rxd1 Re2+ 34. Kf3 Rxb2 35. Ra1 Kf7 36. Ne5+ Ke6 37. Nd3 Rc2 38. c5 a5 39. Ke4 Rc4+ 40. Ke3 Kd5 41. Rh1 Rc2 42. a4 Kc4 43. Rxh7 Rc3 44. Rd7 Kb3 45. Kd4 Rc4+ 46. Ke5 Kc3 47. Kd6 Rxa4 48. Kxc6 Rh4 49. Kb5 a4 50. c6 a3 51. c7 Rc4 52. Nc5 a2 53. c8Q Rb4+ 54. Kc6 a1Q 55. Qh8+ 1-0

[Event "Da Qing U20 op-B"]
[Site "Da Qing"]
[Date "2019.01.21"]
[Round "3"]
[White "Kaminskii, Ilia"]
[Black "Ho, Chen Ee"]
[Result "0-1"]
[WhiteElo "1336"]
[BlackElo "1744"]
[PlyCount "102"]
[EventDate "2019.01.20"]
[EventType "swiss"]
[EventRounds "9"]
[EventCountry "CHN"]
[SourceTitle "CBM 188 Extra"]
[Source "ChessBase"]
[SourceDate "2019.02.26"]
[SourceVersion "1"]
[SourceVersionDate "2019.02.26"]
[SourceQuality "1"]

1. d4 d5 2. c4 e6 3. Nc3 Nf6 4. cxd5 exd5 5. Bg5 Be7 6. Qc2 c6 7. e3 0-0 8. Nf3 Nbd7 9. Bd3 Re8 10. 0-0 Nf8 11. h3 Ne4 12. Bxe7 Qxe7 13. Nd2 Nxd2 14. Qxd2 Ng6 15. Bxg6 hxg6 16. a3 Bf5 17. b4 a6 18. Ne2 Rac8 19. Ng3 Bd7 20. Rfc1 Qd6 21. Qc3 g5 22. Qc5 Qg6 23. a4 f5 24. b5 axb5 25. axb5 f4 26. Nf1 f3 27. bxc6 bxc6 28. Nd2 g4 29. g3 gxh3 30. Kh2 Rf8 31. Ra7 Bg4 32. Qc2 Qd6 33. Ra5 Qb4 34. Rc5 Bf5 35. Qc3 Qxc3 36. R1xc3 Bd7 37. e4 dxe4 38. Nxe4 Rce8 39. Ng5 Re2 40. Rc2 Rf5 41. Rxf5 Bxf5 42. Rxe2 fxe2 43. Nf3 g5 44. Ne1 g4 45. f3 gxf3 46. Nxf3 Bg4 47. Ne1 Kf7 48. Kg1 Ke6 49. Kf2 Kd5 50. Nc2 Ke4 51. Ne3 e1Q+ 0-1

[Event "Da Qing U20 op-B"]
[Site "Da Qing"]
[Date "2019.01.20"]
[Round "2"]
[White "Yang, Danning"]
[Black "Kaminskii, Ilia"]
[Result "1-0"]
[WhiteElo "1664"]
[BlackElo "1336"]
[PlyCount "22"]
[EventDate "2019.01.20"]
[EventType "swiss"]
[EventRounds "9"]
[EventCountry "CHN"]
[SourceTitle "CBM 188 Extra"]
[Source "ChessBase"]
[SourceDate "2019.02.26"]
[SourceVersion "1"]
[SourceVersionDate "2019.02.26"]
[SourceQuality "1"]

1. d4 Nf6 2. c4 g6 3. Nc3 d5 4. e3 Bg7 5. Bd3 0-0 6. Nf3 Bg4 7. h3 Bxf3 8. Qxf3 Nc6 9. 0-0 Re8 10. Rd1 e6 11. b3 Qd7 1-0